| 000 | 00730nam a2200241 u 4500 | ||
|---|---|---|---|
| 005 | 20240831063750.0 | ||
| 008 | 121005s2011 r 000 0 eng d | ||
| 020 | _a9786077689577 | ||
| 035 | _aUPN01000187145 | ||
| 049 | _aI | ||
| 050 | 4 |
_aPZ74 _bM3.2 |
|
| 100 | 1 |
_aMas, Hermínia, _d1960- _934042 |
|
| 245 | 1 | 3 |
_aLa bruja que no sabía reír / _cHermínia Mas ; il. Penélope Tidor. |
| 260 |
_aMéxico : _bEdebé, _c2011. |
||
| 300 |
_a36 p. : _bil. col. |
||
| 440 | 0 |
_aTucán azul. _p+6 |
|
| 534 |
_pTítulo original: _tLa bruixa que no sabia riure |
||
| 650 | 4 |
_aCuentos infantiles españoles _97725 |
|
| 650 | 4 |
_aBRUJAS - _vLITERATURA INFANTIL _94409 |
|
| 905 | _aInfantil | ||
| 999 |
_c159248 _d159248 |
||